000 004370000a22001690004500
041 0 _aSPA
082 0 4 _aG 294.3927 S9681g
100 1 _aSuzuki, Daisetz Teitaro
245 1 0 _aLa gran liberación / Daisetz Teitaro Suzuki
260 _aBilbao, España : Mensajero
300 _a183 Pag
001 8815
942 _cBK
999 _c38933
_d38933
336 _atexto
_btxt
_2rdacontent
337 _2rdamedia
_asin mediación
_bn
338 _2rdacarrier
_avolumen
_bnc